[Event "Titled Tue 1st Jul Late"]
[Site "chess.com INT"]
[Date "2025.07.01"]
[Round "9"]
[White "Shapiro, Daniel"]
[Black "Dobrosmyslov, Artem"]
[Result "0-1"]
[WhiteTitle "FM"]
[BlackTitle "FM"]
[WhiteElo "2284"]
[BlackElo "2260"]
[WhiteFideId "2001780"]
[BlackFideId "24139521"]
[EventDate "2025.07.01"]

1. d4 Nc6 2. Nf3 d5 3. c4 Bg4 4. cxd5 Qxd5 5. Nc3 Qh5 6. d5 Ne5 7. Bf4 Nxf3+ 8.
exf3 Bd7 9. Bxc7 Nf6 10. Bg3 g5 11. Bc4 Bg7 12. O-O O-O 13. Re1 Rfe8 14. f4 g4
15. Re5 Qg6 16. Qe2 Rac8 17. Bb3 Bf5 18. Rxe7 Ne4 19. Rxe8+ Rxe8 20. Qb5 Nd6 21.
Qc5 Qf6 22. Rd1 h5 23. f3 h4 24. Bf2 gxf3 25. gxf3 Bh3 26. Kh1 Qxf4 27. Rd3 Be5
28. Bg3 Qc1+ 29. Rd1 Qxb2 30. Bxe5 Qg2# 0-1

[Event "Titled Tue 1st Jul Late"]
[Site "chess.com INT"]
[Date "2025.07.01"]
[Round "9"]
[White "Vila Dupla, Aurelio"]
[Black "Kharitonov, Sergei"]
[Result "0-1"]
[WhiteTitle "FM"]
[BlackTitle "CM"]
[WhiteElo "2056"]
[BlackElo "2014"]
[WhiteFideId "2203383"]
[BlackFideId "4129750"]
[EventDate "2025.07.01"]

1. Nf3 Nf6 2. d4 d5 3. c4 dxc4 4. e3 Be6 5. Nc3 c5 6. Ng5 Bg4 7. Qa4+ Nbd7 8.
Bxc4 e6 9. h3 Bf5 10. g4 Bg6 11. Bd2 a6 12. Bxe6 b5 13. Qc2 Bxc2 14. Bxf7+ Ke7
15. d5 h6 16. Ne6 Kxf7 17. Nxd8+ Rxd8 18. Rc1 Bd3 19. e4 Nxe4 20. Bf4 c4 21. f3
Nxc3 22. bxc3 Ba3 23. Rd1 Rhe8+ 24. Kf2 Bc5+ 25. Kg3 Re2 26. Bc7 Bf2+ 27. Kg2
Bb6+ 28. Kg3 Bxc7+ 29. f4 g5 30. Rhf1 Bxf4+ 0-1

[Event "Titled Tue 1st Jul Late"]
[Site "chess.com INT"]
[Date "2025.07.01"]
[Round "9"]
[White "Abdulkadir Mohamed Warsame"]
[Black "Alvir, Aco"]
[Result "0-1"]
[BlackTitle "IM"]
[WhiteElo "2001"]
[BlackElo "2239"]
[WhiteFideId "16100913"]
[BlackFideId "14400367"]
[EventDate "2025.07.01"]

1. c4 g6 2. Nc3 Bg7 3. d4 Nf6 4. Bg5 O-O 5. Nf3 c5 6. d5 h6 7. Bh4 d6 8. h3 a6
9. a4 Nbd7 10. e4 Ne8 11. Bd3 Rb8 12. O-O Nc7 13. Qe2 Qe8 14. Nd2 e5 15. dxe6
Nxe6 16. Nd5 g5 17. Bg3 Ne5 18. Bxe5 dxe5 19. Nf3 Bd7 20. a5 Bc6 21. g3 Qd7 22.
Kg2 Rbe8 23. Qd2 Qc8 24. b3 Kh8 25. b4 cxb4 26. Qxb4 Qd7 27. Rab1 Rd8 28. Rfc1
Rfe8 29. Bf1 f6 30. Kg1 Bf8 31. Qb3 Bc5 32. Kg2 Qf7 33. Rd1 Qg6 34. Bd3 h5 35.
Nh2 Nd4 36. Qb2 Qg7 37. Nf3 f5 38. Nxd4 Bxd4 39. Qc2 f4 40. g4 f3+ 41. Kg1 hxg4
42. hxg4 Qd7 0-1

[Event "Titled Tue 1st Jul Late"]
[Site "chess.com INT"]
[Date "2025.07.01"]
[Round "9"]
[White "Pereyra, Horacio"]
[Black "Damaraju, Ashwin"]
[Result "1-0"]
[WhiteElo "2133"]
[BlackElo "2084"]
[WhiteFideId "113700"]
[BlackFideId "39908348"]
[EventDate "2025.07.01"]

1. d4 Nf6 2. Nc3 d5 3. Bg5 g6 4. f3 Bg7 5. e4 c5 6. e5 Nfd7 7. Nxd5 cxd4 8. Nxe7
Qa5+ 9. Qd2 Qxe5+ 10. Qe2 Qxg5 11. Nxc8+ Kf8 12. Nd6 Nc6 13. Ne4 Qa5+ 14. Qd2
Qb6 15. O-O-O Nc5 16. Bc4 Be5 17. Ne2 Kg7 18. h4 h5 19. Ng5 Na4 20. Bb3 d3 21.
Qxd3 Bxb2+ 22. Kb1 Bf6 23. Nxf7 Rhe8 24. Nf4 Nc3+ 25. Kc1 Nxa2+ 26. Bxa2 Qb2+
27. Kd2 Qb4+ 28. c3 Qxf4+ 29. Kc2 Rac8 30. Kb1 Nb4 31. cxb4 Qxb4+ 32. Qb3 Qf4
33. Rd7 Re2 34. Ng5+ Kh8 35. Rh7# 1-0

[Event "Titled Tue 1st Jul Late"]
[Site "chess.com INT"]
[Date "2025.07.01"]
[Round "9"]
[White "Sinkar, Anagha Aniket"]
[Black "Chakrabarti, Brejesh"]
[Result "0-1"]
[WhiteTitle "WCM"]
[BlackTitle "FM"]
[WhiteElo "1776"]
[BlackElo "2282"]
[WhiteFideId "30974780"]
[BlackFideId "30969280"]
[EventDate "2025.07.01"]

1. e4 c5 2. c3 Nf6 3. e5 Nd5 4. Nf3 Nc6 5. Bc4 Nb6 6. Bb3 d6 7. exd6 Qxd6 8. O-O
Be6 9. Bxe6 Qxe6 10. a4 Qd7 11. a5 Nd5 12. a6 b6 13. d4 e6 14. Re1 cxd4 15. Nxd4
Be7 16. Qg4 Nxd4 17. Qxd4 O-O 18. Be3 Rfd8 19. Na3 Bc5 20. Qg4 Nxe3 21. fxe3 Qd2
22. Nc4 Qc2 23. Rac1 Qa4 24. Ra1 Qc2 25. Qf4 Rac8 26. Ne5 f6 27. Nc4 b5 28. Na5
Rd2 29. Qg3 Qxb2 30. Nb7 Bf8 31. Rab1 Qxc3 32. Rxb5 Qc6 33. Rbb1 Qxa6 34. Qf3
Rcc2 35. Rb3 Qa2 36. Rb4 Rxg2+ 0-1

[Event "Titled Tue 1st Jul Late"]
[Site "chess.com INT"]
[Date "2025.07.01"]
[Round "9"]
[White "Mata Gonzalez, Jose Fernando"]
[Black "Slovineanu, Viacheslav"]
[Result "1-0"]
[WhiteTitle "CM"]
[BlackTitle "IM"]
[WhiteElo "2164"]
[BlackElo "2412"]
[WhiteFideId "5107423"]
[BlackFideId "13900510"]
[EventDate "2025.07.01"]

1. e4 c6 2. d4 d5 3. e5 Bf5 4. Bd3 Bxd3 5. Qxd3 Qa5+ 6. c3 e6 7. Ne2 Qa6 8. Qf3
Ne7 9. O-O Nf5 10. Ng3 g6 11. Nd2 c5 12. Nxf5 gxf5 13. Rd1 Nc6 14. Nf1 Be7 15.
a3 cxd4 16. cxd4 Rc8 17. Be3 Na5 18. Rac1 b5 19. Rxc8+ Qxc8 20. Rc1 Qb7 21. g3
Nc4 22. Rc2 a5 23. Nd2 Nxd2 24. Bxd2 b4 25. axb4 Bxb4 26. Bg5 Be7 27. Bxe7 Kxe7
28. Qa3+ Qb4 29. Rc7+ Kf8 30. Qxb4+ axb4 31. Rc8+ Kg7 32. Rxh8 Kxh8 33. Kf1 Kg7
34. Ke2 Kg6 35. Kd3 f4 36. h3 fxg3 37. fxg3 Kf5 38. Ke3 h5 39. h4 Kg4 40. Kf2
Kf5 41. Kf3 Kg6 42. g4 Kh6 43. Kf4 Kg6 44. gxh5+ Kxh5 45. Kg3 Kg6 46. Kg4 Kh6
47. h5 Kh7 48. Kg5 Kg7 49. h6+ Kh7 50. Kf6 Kxh6 51. Kxf7 1-0

[Event "Titled Tue 1st Jul Late"]
[Site "chess.com INT"]
[Date "2025.07.01"]
[Round "9"]
[White "Ambartsumova, Karina"]
[Black "Pribelszky, Bence"]
[Result "1/2-1/2"]
[WhiteTitle "IM"]
[BlackTitle "IM"]
[WhiteElo "2403"]
[BlackElo "2396"]
[WhiteFideId "4166299"]
[BlackFideId "769738"]
[EventDate "2025.07.01"]

1. Nf3 d5 2. c4 c6 3. e3 Nf6 4. Nc3 g6 5. d4 Bg7 6. Be2 O-O 7. O-O Bg4 8. cxd5
cxd5 9. Qb3 b6 10. h3 Bc8 11. Ne5 e6 12. Bd2 Nfd7 13. Nf3 Ba6 14. Bxa6 Nxa6 15.
Rfc1 Nc7 16. a4 Qe7 17. Nb5 Nxb5 18. axb5 Rfc8 19. Rxc8+ Rxc8 20. Rxa7 Qe8 21.
g3 Ra8 22. Qa4 Rxa7 23. Qxa7 Qc8 24. Kg2 Bf8 25. h4 h5 26. Qa4 Qc7 27. Ne1 e5
28. dxe5 Nxe5 29. Bc3 Ng4 30. Qd4 f6 31. Qxd5+ Kg7 32. Nd3 Bd6 33. Bb4 Bxb4 34.
Nxb4 Qc1 35. Nd3 Qd2 36. Qe4 Qe2 37. b3 Kh6 38. Qf4+ Kg7 39. Nb4 Qxb5 40. Qd4
Qe2 41. Qf4 Qb5 42. Qd4 Qe2 43. Qf4 Qb5 1/2-1/2

[Event "Titled Tue 1st Jul Late"]
[Site "chess.com INT"]
[Date "2025.07.01"]
[Round "9"]
[White "Arslanov, Shamil"]
[Black "Hua, Lefong"]
[Result "1/2-1/2"]
[WhiteTitle "IM"]
[BlackTitle "FM"]
[WhiteElo "2410"]
[BlackElo "2305"]
[WhiteFideId "4192826"]
[BlackFideId "2602253"]
[EventDate "2025.07.01"]

1. d4 Nf6 2. f3 d5 3. e4 dxe4 4. Nc3 e3 5. Bxe3 g6 6. Qd2 Bg7 7. O-O-O O-O 8.
Bh6 c5 9. d5 Nbd7 10. h4 Qa5 11. h5 b5 12. Bxg7 Kxg7 13. hxg6 fxg6 14. Qh6+ Kg8
15. Kb1 Rb8 16. Ne4 Rf7 17. Ng5 Rg7 18. Ne6 Rf7 19. Nh3 Nf8 20. Nxf8 Rxf8 21.
Ng5 Rf7 22. Nxf7 Kxf7 23. g4 g5 24. Qxg5 Bb7 25. d6 Bxf3 26. Bd3 Bxh1 27. Rxh1
Rg8 28. Qf5 Rxg4 29. dxe7 Kxe7 30. Qxc5+ Kf7 31. Bc4+ Rxc4 32. Qf5 Ke7 33. Qe5+
Kf7 34. Qf5 Ke7 35. Qe5+ Kf7 36. Qf5 1/2-1/2

[Event "Titled Tue 1st Jul Late"]
[Site "chess.com INT"]
[Date "2025.07.01"]
[Round "9"]
[White "Linares Orellana, Hector Jose"]
[Black "Mafra, Kaiser Luiz"]
[Result "0-1"]
[WhiteTitle "FM"]
[BlackTitle "CM"]
[WhiteElo "2111"]
[BlackElo "2076"]
[WhiteFideId "7304307"]
[BlackFideId "2106698"]
[EventDate "2025.07.01"]

1. d4 Nf6 2. c4 g6 3. Nc3 Bg7 4. Nf3 O-O 5. g3 d6 6. Bg2 c5 7. e3 Nc6 8. O-O
cxd4 9. exd4 Bg4 10. Be3 Qd7 11. Qd2 Rfd8 12. a3 a5 13. Rfe1 a4 14. Qc2 Bf5 15.
Qd1 Ng4 16. Nxa4 Nxe3 17. fxe3 Qc7 18. Nc3 Na5 19. Nd5 Qxc4 20. Nb6 Qb5 21. Nxa8
Rxa8 22. b4 Nc4 23. Bf1 d5 24. Qb3 Be4 25. Ng5 Bf5 26. e4 Bxd4+ 27. Kh1 Bxa1 28.
Rxa1 Nd2 29. Bxb5 Nxb3 30. Rb1 Nd2 31. Rb2 Bxe4+ 32. Kg1 Nf3+ 33. Nxf3 Bxf3 34.
Kf2 Be4 35. a4 e5 36. Ke3 f5 37. h3 d4+ 38. Kf2 Kf7 39. Bc4+ Ke7 40. a5 Rc8 41.
Bb5 Kd6 42. Rd2 Rc3 0-1

[Event "Titled Tue 1st Jul Late"]
[Site "chess.com INT"]
[Date "2025.07.01"]
[Round "9"]
[White "Castillo Pena, Patricia Evarista"]
[Black "Montano Vicente, Guadalupe"]
[Result "0-1"]
[WhiteTitle "WFM"]
[WhiteElo "1909"]
[BlackElo "1938"]
[WhiteFideId "6412106"]
[BlackFideId "5181399"]
[EventDate "2025.07.01"]

1. d4 Nf6 2. Nf3 b6 3. e3 Bb7 4. Bd3 e6 5. O-O c5 6. b3 cxd4 7. exd4 Be7 8. Bb2
O-O 9. Nbd2 d6 10. Qe2 Nbd7 11. Rfd1 Rc8 12. Rac1 Nd5 13. c4 Nf4 14. Qe3 Bg5 15.
Nxg5 Qxg5 16. Bf1 Bxg2 17. Qg3 Qxg3 18. hxg3 Bxf1 19. gxf4 Bh3 20. Kh2 Bf5 21.
f3 Nf6 22. Rg1 Nh5 23. Ne4 Bxe4 24. fxe4 Nxf4 25. d5 Ng6 26. Rg3 exd5 27. exd5
Rfe8 28. Rcg1 Re2+ 29. R1g2 Rce8 30. Bc3 Rxg2+ 31. Rxg2 f6 32. b4 Kf7 33. c5
bxc5 34. bxc5 dxc5 35. Rd2 Rd8 36. Ba5 Rd7 37. d6 Ne5 38. Kg3 Ke6 0-1

[Event "Titled Tue 1st Jul Late"]
[Site "chess.com INT"]
[Date "2025.07.01"]
[Round "9"]
[White "Shimanov, Aleksandr"]
[Black "Hansen, Eric"]
[Result "1-0"]
[WhiteTitle "GM"]
[BlackTitle "GM"]
[WhiteElo "2578"]
[BlackElo "2609"]
[WhiteFideId "4198603"]
[BlackFideId "2606771"]
[EventDate "2025.07.01"]

1. e4 c5 2. d4 cxd4 3. Qxd4 Nc6 4. Qd3 Nf6 5. Nc3 e6 6. Bf4 d5 7. exd5 Nb4 8.
Qe2 Nbxd5 9. Nxd5 Nxd5 10. O-O-O Qa5 11. Qe5 Bd7 12. Bc4 Bc6 13. Nf3 Rd8 14. Bg3
Qc5 15. Bb3 a5 16. a3 a4 17. Ba2 Be7 18. Qxg7 Bf6 19. Qg4 h5 20. Qc4 Qxc4 21.
Bxc4 Rg8 22. h4 Rg4 23. Be2 Nf4 24. Rxd8+ Kxd8 25. Bd1 Ng6 26. Ng5 Bxg5+ 27.
hxg5 Rxg5 28. Rxh5 Rxh5 29. Bxh5 Bxg2 30. Kd2 Bc6 31. Kc3 Kd7 32. Kb4 Ke7 33. c4
Nf8 34. Bd1 Nd7 35. Bxa4 Bxa4 36. Kxa4 e5 37. Kb5 Kd6 38. b4 f5 39. c5+ Kd5 40.
a4 f4 41. Bh4 Nb8 42. Kb6 Na6 43. c6 Nxb4 44. cxb7 Nc6 45. a5 e4 46. a6 e3 47.
fxe3 fxe3 48. a7 1-0

[Event "Titled Tue 1st Jul Late"]
[Site "chess.com INT"]
[Date "2025.07.01"]
[Round "9"]
[White "Stoica, Savas Marin"]
[Black "Terletsky, Oleg"]
[Result "0-1"]
[BlackTitle "IM"]
[WhiteElo "2092"]
[BlackElo "2160"]
[WhiteFideId "464309"]
[BlackFideId "14116774"]
[EventDate "2025.07.01"]

1. d4 Nf6 2. c4 g6 3. Nc3 Bg7 4. e4 d6 5. Nf3 O-O 6. Be2 e5 7. d5 a5 8. Bg5 h6
9. Bh4 Na6 10. Nd2 Qe8 11. O-O Nh7 12. a3 Bd7 13. b3 h5 14. f3 Bh6 15. Rb1 Be3+
16. Kh1 Bc5 17. Qc1 f5 18. exf5 gxf5 19. Bd3 Kh8 20. Bf2 Rg8 21. Bxc5 Nxc5 22.
Bc2 Qg6 23. Rg1 Rg7 24. b4 axb4 25. axb4 Na6 26. Ba4 Bxa4 27. Nxa4 Rag8 28. c5
Nf6 29. cxd6 cxd6 30. b5 Nb8 31. Qc4 h4 32. Nb3 e4 33. fxe4 Nxe4 34. Qe2 Rh7 35.
Rgf1 Ng3+ 0-1

[Event "Titled Tue 1st Jul Late"]
[Site "chess.com INT"]
[Date "2025.07.01"]
[Round "9"]
[White "Hauge, Lars Oskar"]
[Black "Burovic, Rijad"]
[Result "1-0"]
[WhiteTitle "GM"]
[BlackTitle "IM"]
[WhiteElo "2462"]
[BlackElo "2420"]
[WhiteFideId "1509276"]
[BlackFideId "14407701"]
[EventDate "2025.07.01"]

1. f4 g6 2. Nf3 Bg7 3. g3 c5 4. Bg2 Nc6 5. O-O d6 6. d3 Nf6 7. e4 O-O 8. Nc3 Rb8
9. h3 b5 10. g4 b4 11. Ne2 Nd7 12. Ng3 Nd4 13. Kh1 Nxf3 14. Qxf3 Ba6 15. Rd1 e6
16. g5 Nb6 17. h4 Na4 18. Rb1 Qa5 19. h5 Nb6 20. f5 Qxa2 21. f6 Qxb1 22. fxg7
Rfc8 23. Rf1 Rc7 24. hxg6 hxg6 25. e5 d5 26. Ne2 Qxc2 27. Qh3 Kxg7 28. Qh6+ Kg8
29. Rf3 f5 30. Qxg6+ Kf8 31. Bf1 1-0

[Event "Titled Tue 1st Jul Late"]
[Site "chess.com INT"]
[Date "2025.07.01"]
[Round "9"]
[White "Lisenkov, Svyatoslav"]
[Black "Dubnevych, Maksym"]
[Result "1-0"]
[WhiteTitle "CM"]
[BlackTitle "FM"]
[WhiteElo "2283"]
[BlackElo "2296"]
[WhiteFideId "34264183"]
[BlackFideId "14184001"]
[EventDate "2025.07.01"]

1. e4 e5 2. Nf3 Nc6 3. g3 Nf6 4. d3 g6 5. Bg2 Bg7 6. O-O O-O 7. c3 d5 8. Nbd2
dxe4 9. Nxe4 Qe7 10. Bg5 Rd8 11. Re1 Bf5 12. Qc2 Qe6 13. Nc5 Qe7 14. Nxb7 Bxd3
15. Qa4 Qe8 16. Nxd8 Rxd8 17. Nd4 Nxd4 18. Qxe8+ Rxe8 19. cxd4 e4 20. Rad1 Re6
21. Bh3 Rb6 22. b3 h6 23. Bxf6 Bxf6 24. Bf1 Bxd4 25. Bxd3 exd3 26. Rxd3 c5 27.
Re2 Kg7 28. Kg2 h5 29. h4 Kf6 30. Rf3+ Kg7 31. Re7 Bf6 32. Rxa7 Rd6 33. Rc7 Rd2
34. Rxc5 Rxa2 35. Rc7 Rb2 36. Rb7 Bd4 37. Rfxf7+ Kg8 38. Rfd7 Rxf2+ 39. Kh3 Bc5
40. Rd8+ Bf8 41. Rbb8 Kg7 42. Rxf8 Rxf8 43. Rxf8 Kxf8 44. Kg2 Ke7 45. Kf3 Kd6
46. Kf4 1-0

[Event "Titled Tue 1st Jul Late"]
[Site "chess.com INT"]
[Date "2025.07.01"]
[Round "9"]
[White "Tao, Sihan"]
[Black "Mulawa, Cyprian"]
[Result "0-1"]
[WhiteTitle "FM"]
[BlackTitle "FM"]
[WhiteElo "2202"]
[BlackElo "2324"]
[WhiteFideId "30982677"]
[BlackFideId "21001855"]
[EventDate "2025.07.01"]

1. e4 e6 2. d4 d5 3. Bd3 dxe4 4. Bxe4 Nf6 5. Bf3 c5 6. Ne2 Nc6 7. Be3 Qb6 8. b3
cxd4 9. Nxd4 Bc5 10. Nxc6 Bxe3 11. fxe3 bxc6 12. Qd4 Bb7 13. Nd2 Rd8 14. Qxb6
axb6 15. Nc4 b5 16. Na5 Ba8 17. Nxc6 Rc8 18. Nd4 Bxf3 19. gxf3 e5 20. Nxb5 Rxc2
21. O-O Ke7 22. Rf2 Rhc8 23. Rxc2 Rxc2 24. a4 Nd5 25. a5 Rb2 26. Ra3 Nxe3 27. a6
Rg2+ 28. Kh1 Rd2 29. h4 Nd5 30. a7 Nb6 31. Ra6 Na8 32. Rc6 Kd7 33. Rc7+ Nxc7 34.
Nxc7 Ra2 35. a8=Q Rxa8 36. Nxa8 Kc6 37. Kg2 f5 38. Kf2 Kb7 39. Ke3 g6 40. Kd3 h6
41. Kc4 g5 42. hxg5 hxg5 43. Kd5 g4 44. fxg4 fxg4 0-1

[Event "Titled Tue 1st Jul Late"]
[Site "chess.com INT"]
[Date "2025.07.01"]
[Round "9"]
[White "Tikhonov, Viacheslav"]
[Black "Tekeyev, Zaur"]
[Result "0-1"]
[WhiteTitle "CM"]
[BlackTitle "IM"]
[WhiteElo "2183"]
[BlackElo "2407"]
[WhiteFideId "44196407"]
[BlackFideId "4199731"]
[EventDate "2025.07.01"]

1. e4 d5 2. exd5 Qxd5 3. Nc3 Qd6 4. d4 Nf6 5. Nf3 c6 6. g3 Bg4 7. Bg2 e6 8. O-O
Be7 9. Bf4 Qb4 10. Rb1 O-O 11. a3 Qa5 12. Qd2 Nbd7 13. Rfe1 Rfd8 14. Qe3 Nd5 15.
Nxd5 cxd5 16. Ne5 Bf5 17. Rbc1 Nf6 18. c3 Rac8 19. h3 Qb5 20. g4 Bg6 21. Nxg6
hxg6 22. Qd2 Qd7 23. Bf3 Ne8 24. Be2 b5 25. Bd3 a5 26. Qe2 b4 27. axb4 axb4 28.
Bb5 Qa7 29. Ra1 Qb6 30. Ra6 Qb7 31. Rea1 Nc7 32. Bc6 Qb8 33. Ra8 Qb6 34. Rxc8
Rxc8 35. Bd7 Rd8 36. Ba4 Ra8 37. b3 bxc3 38. Qd3 Bb4 39. Rc1 Ne8 40. Be3 Nf6 41.
g5 Ne4 42. f3 Nd6 43. Kg2 Nf5 44. Bf4 Rc8 45. Be5 Qd8 46. Bb5 Qxg5+ 47. Kf2 Qxc1
48. Bd7 Qd2+ 49. Qe2 Qxe2+ 50. Kxe2 c2 51. Bxc8 c1=Q 52. Ba6 Qd2+ 53. Kf1 Ne3+
54. Kg1 Qg2# 0-1

[Event "Titled Tue 1st Jul Late"]
[Site "chess.com INT"]
[Date "2025.07.01"]
[Round "9"]
[White "Hernandez Bermudez, Ulises Eduardo"]
[Black "Frischmann, Rick"]
[Result "0-1"]
[BlackTitle "FM"]
[WhiteElo "2042"]
[BlackElo "2355"]
[WhiteFideId "3902510"]
[BlackFideId "24660752"]
[EventDate "2025.07.01"]

1. e4 d5 2. exd5 Qxd5 3. Nc3 Qd6 4. d4 Nf6 5. Nf3 Nc6 6. Bb5 a6 7. Ba4 b5 8. Bb3
Na5 9. Ne5 e6 10. Bf4 Qb6 11. O-O Bb7 12. Re1 Nxb3 13. axb3 Rd8 14. Ne2 c5 15.
c3 Be7 16. Be3 O-O 17. Ng3 Nd5 18. Qh5 Nxe3 19. fxe3 b4 20. Qg4 bxc3 21. bxc3
cxd4 22. cxd4 Qxb3 23. Nh5 g6 24. Nf4 Be4 25. Rxa6 Bb4 26. Re2 Rc8 27. Ra1 Rc2
28. Rxc2 Bxc2 29. Qf3 Bd2 30. Ng4 f5 31. Nh6+ Kg7 32. Nxf5+ exf5 33. Ra7+ Rf7 0-1

[Event "Titled Tue 1st Jul Late"]
[Site "chess.com INT"]
[Date "2025.07.01"]
[Round "9"]
[White "Hernandez Samayoa, Dilan Alexander"]
[Black "Ciocan, Maria-Alexandra"]
[Result "0-1"]
[WhiteElo "2006"]
[BlackElo "1998"]
[WhiteFideId "7306679"]
[BlackFideId "1227130"]
[EventDate "2025.07.01"]

1. e4 e6 2. d4 d5 3. Nd2 Nf6 4. e5 Nfd7 5. Bd3 c5 6. c3 Nc6 7. Ne2 cxd4 8. cxd4
f6 9. exf6 Nxf6 10. O-O Bd6 11. Nf3 Qc7 12. Bg5 O-O 13. Bh4 Bd7 14. Rc1 Qb6 15.
Qd2 Be8 16. Rfe1 Bh5 17. Qe3 Rae8 18. Ng3 Bxf3 19. Qxf3 Nxd4 20. Qe3 Ng4 21. Qg5
Nxf2 22. Nh5 Nf3+ 23. gxf3 Nh3+ 24. Kg2 Nxg5 25. Bxg5 Qxb2+ 26. Rc2 Qb4 27. Rce2
e5 28. Rb1 Qd4 29. Rd2 e4 30. Bxe4 Qe5 31. Bxd5+ Kh8 32. f4 Qe3 33. Rf2 Qd3 34.
Bxb7 Qxb1 35. Bc6 Re1 36. Kf3 Qd1+ 37. Kg2 Rg1+ 38. Kh3 Qxh5+ 39. Bh4 Qf5# 0-1

[Event "Titled Tue 1st Jul Late"]
[Site "chess.com INT"]
[Date "2025.07.01"]
[Round "9"]
[White "Kravtsiv, Martyn"]
[Black "Tabatabaei, M. Amin"]
[Result "0-1"]
[WhiteTitle "GM"]
[BlackTitle "GM"]
[WhiteElo "2598"]
[BlackElo "2655"]
[WhiteFideId "14113147"]
[BlackFideId "12521213"]
[EventDate "2025.07.01"]

1. e4 c5 2. Nc3 d6 3. f4 g6 4. Nf3 Bg7 5. Bb5+ Bd7 6. Bc4 Nc6 7. d3 Na5 8. Bd2
Nxc4 9. dxc4 a6 10. Qe2 b5 11. e5 Bc6 12. O-O-O Nh6 13. exd6 Qxd6 14. Be3 Qe6
15. Ng5 Qxc4 16. Qxc4 bxc4 17. Bxc5 Bxg2 18. Rhe1 Nf5 19. Nd5 Bxd5 20. Rxd5 O-O
21. Bxe7 Rfe8 22. Bb4 Rxe1+ 23. Bxe1 Re8 24. Ba5 h6 25. Nf3 Re2 26. Rd2 Re4 27.
Bc7 c3 28. bxc3 Bxc3 29. Rd3 Bf6 30. Be5 Bxe5 31. fxe5 g5 32. h3 Ne7 33. Ra3 Kg7
34. Rxa6 Re3 35. Ra7 Nc6 36. Rc7 Rxf3 37. Rxc6 Rxh3 38. Kb2 g4 39. a4 g3 40. Rc3
g2 41. Rxh3 g1=Q 42. a5 Qd4+ 43. Ka2 Qd5+ 0-1

[Event "Titled Tue 1st Jul Late"]
[Site "chess.com INT"]
[Date "2025.07.01"]
[Round "9"]
[White "Bortnyk, Olexandr"]
[Black "Mahdavi, Reza"]
[Result "0-1"]
[WhiteTitle "GM"]
[BlackTitle "IM"]
[WhiteElo "2601"]
[BlackElo "2454"]
[WhiteFideId "14120828"]
[BlackFideId "12595926"]
[EventDate "2025.07.01"]

1. e4 c6 2. d4 d5 3. Nc3 dxe4 4. Nxe4 Nf6 5. Nxf6+ exf6 6. c3 Bd6 7. Bd3 O-O 8.
Qc2 Re8+ 9. Ne2 h5 10. O-O h4 11. Nf4 Nd7 12. Qd1 Nf8 13. Qh5 Bxf4 14. Bxf4 g6
15. Qh6 h3 16. gxh3 Qd5 17. Rfe1 Bf5 18. Bf1 Rxe1 19. Rxe1 Qxa2 20. Re7 Qxb2 21.
h4 Qxc3 22. Rxb7 Be4 23. Be3 Qe1 24. Bd2 Qd1 25. Qe3 Bd5 26. Qe2 Qa1 27. Be3 a5
28. h5 a4 29. hxg6 Nxg6 30. h4 Nxh4 31. Kh2 Kg7 32. Kg3 Rh8 33. Qd3 Ng6 34. Ra7
Rh1 35. Bg2 Qg1 36. f3 Qh2+ 37. Kf2 Qh4+ 0-1

[Event "Titled Tue 1st Jul Late"]
[Site "chess.com INT"]
[Date "2025.07.01"]
[Round "9"]
[White "Gabrielian, Artur"]
[Black "Omariev, Maksim"]
[Result "1-0"]
[WhiteTitle "GM"]
[BlackTitle "FM"]
[WhiteElo "2419"]
[BlackElo "2304"]
[WhiteFideId "4131002"]
[BlackFideId "4193423"]
[EventDate "2025.07.01"]

1. Nf3 d5 2. g3 c6 3. Bg2 Nf6 4. O-O Bf5 5. d3 e6 6. Nh4 Bg4 7. h3 Bh5 8. Qe1
Be7 9. f4 Nfd7 10. Nf3 f6 11. e4 Bf7 12. Be3 Na6 13. Nbd2 Nb4 14. Qd1 c5 15. Bf2
Qc7 16. Re1 Nb6 17. a3 Nc6 18. Qe2 Rd8 19. f5 exf5 20. Nh4 fxe4 21. Nf5 O-O 22.
dxe4 d4 23. Qg4 Bg6 24. Nf3 Rfe8 25. h4 Bf8 26. h5 Bxf5 27. exf5 h6 28. Re6 Nc4
29. Qg6 Rxe6 30. fxe6 N6e5 31. Nxe5 Nxe5 32. Qf5 Rd6 33. Re1 Qe7 34. Bh3 b5 35.
Re4 Kh8 36. b4 cxb4 37. axb4 Qd8 38. Bf1 Be7 39. Rxe5 fxe5 40. Bd3 g6 41. Qxg6 1-0

[Event "Titled Tue 1st Jul Late"]
[Site "chess.com INT"]
[Date "2025.07.01"]
[Round "9"]
[White "Danzer, George"]
[Black "Sobek, Jaroslav"]
[Result "0-1"]
[WhiteTitle "CM"]
[BlackTitle "FM"]
[WhiteElo "2172"]
[BlackElo "2195"]
[WhiteFideId "4659465"]
[BlackFideId "301388"]
[EventDate "2025.07.01"]

1. e4 c5 2. Nf3 a6 3. c4 Nc6 4. d4 cxd4 5. Nxd4 e5 6. Nc2 Bc5 7. Be3 Bxe3 8.
Nxe3 Nf6 9. Bd3 d6 10. O-O Be6 11. Nc3 O-O 12. Rc1 Qb6 13. b3 Rfd8 14. Ne2 Qa5
15. Bb1 Rab8 16. Nd5 Bxd5 17. exd5 Ne7 18. Ng3 g6 19. h4 Qc7 20. h5 Qd7 21. Qf3
Ne8 22. hxg6 hxg6 23. Kh2 Kg7 24. Rh1 Nf6 25. Ne4 Nxe4 26. Qxe4 Rh8+ 27. Kg3
Nf5+ 28. Kf3 Nd4+ 29. Ke3 Qe7 30. Kd3 b5 31. cxb5 axb5 32. g4 Qg5 33. Rcg1 Rxh1
34. Rxh1 Rc8 35. f4 Qxg4 36. fxe5 Qg3+ 37. Qe3 Rc3+ 38. Kxd4 Rxe3 0-1

[Event "Titled Tue 1st Jul Late"]
[Site "chess.com INT"]
[Date "2025.07.01"]
[Round "9"]
[White "Munoz, Miguel"]
[Black "Naroditsky, Daniel"]
[Result "0-1"]
[WhiteTitle "GM"]
[BlackTitle "GM"]
[WhiteElo "2321"]
[BlackElo "2619"]
[WhiteFideId "3800229"]
[BlackFideId "2026961"]
[EventDate "2025.07.01"]

1. e4 c5 2. g3 d5 3. exd5 Qxd5 4. Nf3 Bg4 5. Be2 Nc6 6. h3 Bh5 7. Nc3 Qd7 8. g4
Bg6 9. Bb5 O-O-O 10. Qe2 f6 11. d4 cxd4 12. Nxd4 Qxd4 13. Bxc6 bxc6 14. Qa6+ Kb8
15. Be3 Bd3 16. Qa5 Qd7 17. Bxa7+ Kc8 18. O-O-O Qb7 19. Bb6 Rd7 20. cxd3 e5 21.
d4 exd4 22. Bxd4 Bb4 23. Qa4 Ne7 24. Ne4 Rhd8 25. Be3 Nd5 26. Bc5 Re8 27. f3 Re5
28. Bxb4 Qxb4 29. Qa8+ Kc7 30. Kb1 Rxe4 31. fxe4 Nc3+ 32. Kc1 Nxd1 33. Qa7+ Kd8
34. Qa8+ Ke7 35. Qa3 Qxa3 36. bxa3 Nf2 37. Rh2 Nxe4 38. a4 Rd4 39. Re2 Rxa4 40.
Kb2 Kd6 41. Kb3 Kd5 42. Kxa4 Nc3+ 43. Kb4 Nxe2 44. a4 Nd4 45. a5 c5+ 46. Kc3 c4
47. a6 Nc6 48. h4 Kc5 49. h5 h6 0-1